| 000 | 01246cam a22003377a 4500 | ||
|---|---|---|---|
| 003 | CHAP | ||
| 005 | 20220329141423.0 | ||
| 008 | 971013s1987 r 00010 d | ||
| 010 | _a67862 | ||
| 011 | _a68834 | ||
| 035 | _a78308 | ||
| 040 | _cCHAP | ||
| 090 | _aTesis | ||
| 100 | 0 | 0 |
_aGalván Lamas, Roberto. _944521 |
| 245 | 0 | _aEfecto de Globodera rostochiensis (Woll 1923) Mulvey y Stone, 1976. (Nematoda : Heteroderidae) sobre seis variedades de papa (Solanum tuberosum, en invernadero | |
| 260 |
_aChapingo, Méx. : _bEl autor, _c1987 |
||
| 300 |
_a61 h. _b: ilus. |
||
| 502 | _aTesis (Ing. Agrónomo Esp. en Parasitología Agrícola) -- UACH. Departamento de Parasitología Agrícola | ||
| 590 |
_aALEPH _b10 _c20130110 _lUCH01 _h1403 |
||
| 590 |
_aBATCH-UPD _b10 _c20130110 _lUCH01 _h0949 |
||
| 590 |
_aBATCH-UPD _b10 _c20130410 _lUCH01 _h0603 |
||
| 590 |
_aBATCH-UPD _b10 _c20130914 _lUCH01 _h1129 |
||
| 590 |
_aCONVERSION _b10 _c20130109 _lUCH01 _h1337 |
||
| 650 | 1 | 4 |
_aCultivos en invernadero. _930376 |
| 650 | 1 | 4 |
_aGlobodera rostochiensis. _948304 |
| 650 | 1 | 4 |
_aPapa _xEnfermedades por nemátodos. _985230 |
| 650 | 1 | 4 |
_aPapa _xVariedades. _985300 |
| 901 | _aBK | ||
| 942 | _cFOLL | ||
| 949 |
_bBC _cTES _d-31182 _eTS2 _fc.2 _h19945 _i78308 _si |
||
| 999 |
_c67862 _d67862 |
||